Statistics for Which 10 countries export the most charcoal?

Click here to take the quiz!

General Stats

  • This quiz has been taken 9 times
  • The average score is 6 of 10

Answer Stats

HintAnswer% Correct
13.6% of total charcoal exportsChina
100%
20.4% of total charcoal exportsIndonesia
78%
2.9% of total charcoal exportsMexico
78%
4.8% of total charcoal exportsVietnam
67%
3.6% of total charcoal exportsPhilippines
56%
5.2% of total charcoal exportsUkraine
56%
3% of total charcoal exportsLaos
44%
8.5% of total charcoal exportsPoland
44%
3.8% of total charcoal exportsNamibia
22%
3.1% of total charcoal exportsCuba
11%

Score Distribution

Percentile by Number Answered

Percent of People with Each Score

Your Score History

You have not taken this quiz